Introducing gray wolves in Yellowstone and Idaho : oversight hearing before the Committee on Resources, House of Representatives, One Hundred Fourth Congress, first session, on federal efforts to introduce Canadian gray wolves into Yellowstone National Park and the central Idaho wilderness, January 26, 1995--Washington, DC.

Bibliographic Details
Corporate Authors: United States. Congress. House. Committee on Resources, ProQuest (Firm)
Format: Government Document eBook
Language:English
Published: Washington : U.S. G.P.O. : 1995.
Series:U.S. Congressional Hearings.
Subjects:
Online Access:Connect to the full text of this electronic book

MARC

Tag First Indicator Second Indicator Subfields
LEADER 00000cam a22000001a 4500
001 in00003256821
006 m d f
007 cr bn mmmapmmp
008 091024s1995 dcua ob f000 0 eng d
005 20260604202002.3
035 |a cis2007465065 
040 |a UMI  |c UMI  |d UtOrBLW 
043 |a n-us--- 
074 |a 1023-A 
074 |a 1023-B (MF) 
086 0 |a Y 4.R 31/3:104-4 
088 |a Serial no. 104-4 (United States. Congress. House. Committee on Resources) 
099 |a HRG-1995-HRC-0032 
110 1 |a United States.  |b Congress.  |b House.  |b Committee on Resources. 
245 1 0 |a Introducing gray wolves in Yellowstone and Idaho :  |b oversight hearing before the Committee on Resources, House of Representatives, One Hundred Fourth Congress, first session, on federal efforts to introduce Canadian gray wolves into Yellowstone National Park and the central Idaho wilderness, January 26, 1995--Washington, DC. 
264 1 |a Washington :  |b U.S. G.P.O. :  |c 1995. 
264 2 |a Washington :  |b For sale by the U.S. G.P.O., Supt. of Docs., Congressional Sales Office, 
300 |a 1 online resource. 
336 |a text  |b txt  |2 rdacontent 
337 |a computer  |b c  |2 rdamedia 
338 |a online resource  |b cr  |2 rdacarrier 
500 |a Record is based on bibliographic data in ProQuest Congressional Hearings Digital Collection. Reuse except for individual research requires license from ProQuest, LLC. 
504 |a Includes bibliographical references. 
538 |a System requirements: PDF reader software. 
500 |a Electronic resource. 
650 0 |a Wildlife management  |z Yellowstone National Park. 
650 0 |a Wildlife management  |z Idaho  |z Frank Church-River of No Return Wilderness. 
650 0 |a Wolves  |x Habitations  |z Yellowstone National Park. 
650 0 |a Wolves  |x Habitations  |z Idaho  |z Frank Church-River of No Return Wilderness. 
655 7 |a Electronic books.  |2 local 
710 2 |a ProQuest (Firm) 
776 0 8 |i Print version:  |a United States. Congress. House. Committee on Resources.  |t Introducing gray wolves in Yellowstone and Idaho  |w (OCoLC)32676732  |w (DGPO)95077643 
776 0 8 |i Microfiche version:  |a United States. Congress. House. Committee on Resources.  |t Introducing gray wolves in Yellowstone and Idaho .  |d [Bethesda, Md.] : ProQuest,[2004]  |o CIS 95 H651-5  |w (ProQuest)cis09500987 
830 0 |a U.S. Congressional Hearings. 
856 4 0 |u http://proxy.library.tamu.edu/login?url=https://congressional.proquest.com/congcomp/getdoc?HEARING-ID=HRG-1995-HRC-0032  |z Connect to the full text of this electronic book  |t 0 
998 |a cis09500987 
999 |a MARS 
999 f f |s 3907c116-6413-39d2-a423-490b1006d022  |i c40e5019-10bf-3335-8f53-cd033ebb388d  |t 0 
952 f f |a Texas A&M University  |b College Station  |c Electronic Resources  |s www_evans  |d Available Online  |t 0  |e HRG-1995-HRC-0032  |h Other scheme 
998 f f |a HRG-1995-HRC-0032  |t 0  |l Available Online